Sociologie des oeuvres : De la production à l'interprétation (notice n° 1568703)

détails MARC
000 -LEADER
fixed length control field 01257cam a2200133 4500500
005 - DATE AND TIME OF LATEST TRANSACTION
control field 20251214005204.0
041 ## - LANGUAGE CODE
Language code of text/sound track or separate title fre
042 ## - AUTHENTICATION CODE
Authentication code dc
100 10 - MAIN ENTRY--PERSONAL NAME
Personal name Esquenazi, Jean-Pierre
Relator term author
245 00 - TITLE STATEMENT
Title Sociologie des oeuvres : De la production à l'interprétation
260 ## - PUBLICATION, DISTRIBUTION, ETC.
Name of publisher, distributor, etc. Armand Colin,<br/>
Date of publication, distribution, etc. 2007.<br/>
520 ## - SUMMARY, ETC.
Summary, etc. Ce travail de référence fournit des réponses argumentées aux questions très disputées de la nature et de la fonction sociales des œuvres d'art. Après un retour sur les définitions classiques de l'œuvre puis une revue critique des apports de la sociologie, l'auteur nous propose sa vision de l'œuvre comme "processus symbolique intentionnel". Sur cet base, il passe ensuite au crible les travaux français et étrangers des dernières décennies sur un certain nombre de thèmes clé (fonctionnement des institutions de l'art et de la culture, théories de l'énonciation et de la déclaration des œuvres, etc.). Nourri d'exemples, parfaitement au fait des apports comme des limites des cultural studies, l'auteur défend sans céder la thèse de l'égalité "sociale" de principe des objets d'art et de culture.
856 41 - ELECTRONIC LOCATION AND ACCESS
Uniform Resource Identifier <a href="https://shs.cairn.info/sociologie-des-oeuvres--9782200353438?lang=fr&redirect-ssocas=7080">https://shs.cairn.info/sociologie-des-oeuvres--9782200353438?lang=fr&redirect-ssocas=7080</a>

Pas d'exemplaire disponible.

PLUDOC

PLUDOC est la plateforme unique et centralisée de gestion des bibliothèques physiques et numériques de Guinée administré par le CEDUST. Elle est la plus grande base de données de ressources documentaires pour les Étudiants, Enseignants chercheurs et Chercheurs de Guinée.

Adresse

627 919 101/664 919 101

25 boulevard du commerce
Kaloum, Conakry, Guinée

Réseaux sociaux

Powered by Netsen Group @ 2025